Engendering the Nation- State Vol.2 (Record no. 390)
[ view plain ]
| 000 -LEADER | |
|---|---|
| fixed length control field | 008480000a22002650004500 |
| 003 - CONTROL NUMBER IDENTIFIER | |
| control field | LK-CoMWRAF |
| 008 - FIXED-LENGTH DATA ELEMENTS--GENERAL INFORMATION | |
| fixed length control field | 230817t1997 ||||| |||| 00| 0 eng d |
| 020 ## - INTERNATIONAL STANDARD BOOK NUMBER | |
| International Standard Book Number | 9698408 |
| 040 ## - CATALOGING SOURCE | |
| Original cataloging agency | LK-CoMWRAF |
| Modifying agency | LK-CoMWRAF |
| Description conventions | LK-CoMWRAF |
| 041 ## - LANGUAGE CODE | |
| Language code of text/sound track or separate title | English |
| 082 ## - DEWEY DECIMAL CLASSIFICATION NUMBER | |
| Classification number | 305.42 |
| Item number | ENG |
| 942 ## - ADDED ENTRY ELEMENTS (KOHA) | |
| Koha item type | Conference Proceeding |
| 111 ## - MAIN ENTRY--MEETING NAME | |
| Meeting name or jurisdiction name as entry element | SIMORGH CONFERENCE ON ENGENDERING THE NATION-STATE |
| Location of meeting | (Lahore |
| Date of meeting | October 1997) |
| 700 ## - ADDED ENTRY--PERSONAL NAME | |
| Personal name | Hussain, Neelam |
| relator term | editor |
| 700 ## - ADDED ENTRY--PERSONAL NAME | |
| Personal name | Mumtaz, Samiya |
| relator term | editor |
| 700 ## - ADDED ENTRY--PERSONAL NAME | |
| Personal name | Saigol, Rubina |
| relator term | editor |
| 245 ## - TITLE STATEMENT | |
| Title | Engendering the Nation- State Vol.2 |
| 260 ## - PUBLICATION, DISTRIBUTION, ETC. (IMPRINT) | |
| Place of publication, distribution, etc. | Lahore: |
| Name of publisher, distributor, etc. | Simorgh Women's Resource and Publication Centre, |
| Date of publication, distribution, etc. | 1997 |
| 300 ## - PHYSICAL DESCRIPTION | |
| Extent | 158 p. : ill. ; 22cm |
| 650 ## - SUBJECT ADDED ENTRY--TOPICAL TERM | |
| Topical term or geographic name as entry element | WOMEN-Pakistan--Social conditions |
| 650 ## - SUBJECT ADDED ENTRY--TOPICAL TERM | |
| Topical term or geographic name as entry element | Women's rights-Pakistan |
| 650 ## - SUBJECT ADDED ENTRY--TOPICAL TERM | |
| Topical term or geographic name as entry element | Sex role--Pakistan |
| 650 ## - SUBJECT ADDED ENTRY--TOPICAL TERM | |
| Topical term or geographic name as entry element | Nation-state |
| 650 ## - SUBJECT ADDED ENTRY--TOPICAL TERM | |
| Topical term or geographic name as entry element | Pakistan -Social policy -Congresses |
| Withdrawn status | Lost status | Damaged status | Not for loan | Permanent Location | Current Location | Date acquired | Full call number | Barcode | Koha item type |
|---|---|---|---|---|---|---|---|---|---|
| Resource center, Muslim Women's Research And Action Forum | Resource center, Muslim Women's Research And Action Forum | 2023-08-17 | 305.42 ENG | RAF1813 | Conference Proceeding |

